| 000 | 01553nam a22003377a 4500 | ||
|---|---|---|---|
| 005 | 20240115152635.0 | ||
| 010 | _aENG-138881-91 | ||
| 020 |
_c3495.00 (set of 11 vols.) _a9788119403455 (v.1) |
||
| 020 |
_c3495.00 (set of 11 vols.) _a9788119403240 (v.2) |
||
| 020 |
_c3495.00 (set of 11 vols.) _a9788119403912 (v.3) |
||
| 020 |
_c3495.00 (set of 11 vols.) _a9788119403288(v.4) |
||
| 020 |
_c3495.00 (set of 11 vols.) _a9788119403325(v.5) |
||
| 020 |
_c3495.00 (set of 11 vols.) _a9788119403639(v.6) |
||
| 020 |
_c3495.00 (set of 11 vols.) _a9788119403509(v.7) |
||
| 020 |
_c3495.00 (set of 11 vols.) _a9788119403462(v.8) |
||
| 020 |
_c3495.00 (set of 11 vols.) _a9788119403592(v.9) |
||
| 020 |
_c3495.00 (set of 11 vols.) _a9788119403547(v.10) |
||
| 020 |
_c3495.00 (set of 11 vols.) _a9788119403318(v.11) |
||
| 035 | _aEN-122413-23 | ||
| 037 | _bDBAD/PUB | ||
| 082 | _a343.54052 | ||
| 100 |
_aChaturvedi, K. _960955 |
||
| 245 |
_aChaturvedi & Pithisaria's Income tax law / _bby K. Chaturvedi [and] S. M. Pithisaria |
||
| 250 | _a8th ed | ||
| 260 |
_aGurgoan _bLexisNexis _c2024 |
||
| 270 |
_bGurgoan _e122002 _a14th Floor, Building No. 10, Tower-B, DLF Cyber City, Phase-II |
||
| 300 |
_a11Vol.(clxxii, 1814,108p. ; xxxii, 3694,141p. ; xciii, 5534,113p.;ccviii,7308,128p.;cxxxvi,9110,101p.;cxxxviii,10930,100p.'xxxvi,12808,118p.;xcii,14610,76p.;cxciv,16398,60p.;cxxxviii,18408,90p.;cxciv,20441,90p.) _c26cm(Hb) |
||
| 505 | _asets of 11vol. | ||
| 700 |
_aPithisaria, S. M. _960938 |
||
| 942 |
_2ddc _cEN _mCHA _h343.54052 |
||
| 999 |
_c200134 _d200134 |
||